Add a Letter - Statistics

General Stats
  • This quiz has been taken 21 times
  • The average score is 12 of 26
Answer Stats
Hint Answer % Correct
An informal type of shirt T
100%
Expressing location in a particular place. At
89%
First person pronoun I
68%
Denotes the conditional If
68%
Suitable to the current circumstances Apt
63%
An Italian car manufacturer Fiat
63%
In good physical shape or quality Fit
63%
A series of thoughts or images that occur during sleep Dream
58%
A 1931 crime thriller starring Peter Lorre M
58%
A nickname for mother Ma
58%
To charge into something with one’s full weight Ram
58%
An especially young baby Infant
53%
Having previously occurred Past
53%
Barely noticeable Faint
47%
A female horse Mare
47%
A structure that jets water Fountain
42%
To have built something over again Remade
42%
A parlor that serves tea Teashop
32%
A type of precious gemstone Emerald
26%
One of the official languages of Afghanistan Pashto
26%
A dangerous infection caused by bacteria which is usually found on the skin Staph
26%
Relating to the outermost layer of skin Epidermal
21%
A semi-hard, creamy cheese from Italy Fontina
21%
Intended as a remedy or cure Remedial
11%
Efforts to discontinue a process or a project Phaseouts
5%
A place licensed to serve alcohol Taphouse
5%
No matching quizzes found
Score Distribution
Percent of People with Each Score
Percentile by Number Answered
Your Score History
You have not taken this quiz